01924cam a22004454i 4500003000900000005001700009008004100026020001500067035002700082040003300109049000900142082001700151100002900168245004000197264006500237300004000302336002100342337002500363338002300388505043300411526001000844526001000854526001000864526001000874526000800884526000800892526000800900526000800908526000800916526000800924526000800932650003100940942001400971949012000985994001401105596000601119999014601125980005501271952015201326PE-LiUPU20250731172957.0150623s r 000 0 d a0805461736 a(Sirsi) i9780805461732 aPE-LiUPUbspacPE-LiUPUerda aPRUA04a253bR182211 aRainer, Thom S.,eautor.10aGiant awakenings /cThom S. Rainer. 1aNashville, Tennessee :bBroadman & Holman Publishers,c1995. a198 páginas ;c23.5 centímetros atext2rdacontent aunmediated2rdamedia avolume2rdacarrier0 a"if my people..". Church trend 1: the great prayer movement. -"Preach the word.". Church trend 2: the rediscovery of the bible and theology. -"Teach the things.." Church trend 4: the new understanding of culture. -"to prepare god's people.."Church trend 5: the new traditional church layperson. -"above reproach.." Church trend 6: The new traditional church pastor.-"Wonders and miraculous signs.." Lessons for the local church. aSEG42 aSEG41 aSEG40 aSEG39 aP94 aP87 aP86 aP85 aP77 aP76 aP3504aTeología pastoral.91381 2ddccBOOK a253 R18wDEWEYc1i45359lCCODEBUL1mBULr0sYtBOOKu2015-6-24xTEOLOGIAPP350COMPRAo.STAFF. Colección General aC0bPEPRU a1 a253 R18wDEWEYc22222i45359f2021-11-10g5lCCODEBUL1mBULr0sYtBOOKu2015-6-24xTEOLOGIAPP350COMPRAo.STAFF. Colección Generald22222 81gALBERTO SANCHEZ Responsable de Automatización r2025-12-03 00:00:00i6l0o253 R18p45359te1w2015-06-24xFTyBKzinventario-2023-12-13102ddc50708GENfP35aBULbBULcGENd2015-06-24eCOMPRA